| 000 | 00449nam a2200181 a 4500 | ||
|---|---|---|---|
| 005 | 20210219153253.0 | ||
| 008 | 991125n 000 0 u | ||
| 035 | _aUPN01000087695 | ||
| 222 | _aEL MAESTRO RURAL | ||
| 245 | _aUn mensaje fraternal de los maestros de Managua | ||
| 300 | _a13 | ||
| 362 | _a1936 Vol. 8, no. 3, feb. | ||
| 653 | 0 | _aMEXICO | |
| 653 | 0 | _aMAESTROS | |
| 653 | 0 | _aMANAGUA | |
| 904 |
_aAC _b025506 |
||
| 905 | _aArticulo | ||
| 999 |
_c72663 _d72663 |
||